A dynamic systems approach to the development of cognition and action

Αποθηκεύτηκε σε:
Λεπτομέρειες βιβλιογραφικής εγγραφής
Κύριος συγγραφέας: Thelen, Esther
Άλλοι συγγραφείς: Smith, Linda B.
Μορφή: Βιβλίο
Γλώσσα:English
Δημοσίευση: London : The MIT Press, 1996
Θέματα:
Ετικέτες: Προσθήκη ετικέτας
Δεν υπάρχουν, Καταχωρήστε ετικέτα πρώτοι!

MARC

LEADER 00000nam a2200000 i 4500
001 1/99700
008 000127s1996 eng d
020 |a 0-262-70059-X 
035 |l 10056985 
040 |a GR-MY-UA  |b gre  |e aacr 
041 0 |a eng 
082 0 |a 155.422235 
100 1 |a Thelen, Esther. 
245 1 2 |a A dynamic systems approach to the development of cognition and action /  |c Esther Thelen, Linda B. Smith 
260 |a London :   |b The MIT Press,   |c 1996 
300 |a 376 p. 
650 0 0 |a Cognition in infants. 
650 0 0 |a Perceptual-motor processes. 
650 0 0 |a Motor ability in infants. 
650 0 0 |a Developmental psychobiology. 
700 1 |a Smith, Linda B. 
852 |a INST  |b RHODES  |e 20000127  |h 155.422235 THE  |p 005400012188  |q 005400012188  |t BK  |y 0 
901 |a BIBL4-2000-1 
909 |a Ρ  |b 068597 
922 |a 4ΕΛΗ  |b 199909  |c ΚΠΣ/154  |d GLORY BOOKS 
970 |a ΚΟΥΛΑΚΙΟΤΗ  |b ΛΙΤΣΑ  |z 2000/01/27